Príprava a vlastnosti fluórovaných chinolónov dizertačná práca

Salvato in:
Dettagli Bibliografici
Autore principale: Plevová, Kristína
Natura: Libro
Lingua:slovacco
Pubblicazione: Bratislava STU FCHPT 2014
Accesso online:Visualizza in OPAC
Tags: Aggiungi Tag
Nessun Tag, puoi essere il primo ad aggiungerne!!

MARC

LEADER 00000nam a2200000 a 4500
005 20260127134235.0
008 160225 2014 000 0 slo d
035 |a vtls011507934 
039 9 |y 201602250927  |z mschk02 
040 |a STUSCHK1  |b slo  |c STUSCHK1  |e AACR2 
100 1 |a Plevová, Kristína 
245 1 |a Príprava a vlastnosti fluórovaných chinolónov  |b dizertačná práca  |c Kristína Plevová 
260 |a Bratislava  |b STU FCHPT  |c 2014 
300 |a 156 s.  |b il.  |c 24 cm 
500 |a Školiace pracovisko: Ústav organickej chémie, katalýzy a petrochémie, Odd. organickej chémie 
910 |a SCHK95 
999 |c 7556  |d 7556